|
|
|
|
| LEADER |
00000nam0a2200000 4500 |
| 001 |
291161 |
| 005 |
20231102000347.0 |
| 035 |
|
|
|a (RuTPU)RU\TPU\book\315726
|
| 090 |
|
|
|a 291161
|
| 100 |
|
|
|a 20150411d1983 m y0rusy50 ca
|
| 101 |
1 |
|
|a rus
|c eng
|
| 102 |
|
|
|a RU
|
| 105 |
|
|
|a a z 001zy
|
| 200 |
1 |
|
|a Динамика галилеевых спутников Юпитера: вводный курс
|e пер. с англ.
|f С. Феррас-Меллу
|
| 210 |
|
|
|a Москва
|c Мир
|d 1983
|
| 215 |
|
|
|a 136 с.
|c ил.
|
| 320 |
|
|
|a Библиография в конце глав
|
| 606 |
1 |
|
|a Планеты и их спутники
|2 stltpush
|3 (RuTPU)RU\TPU\subj\49012
|9 67824
|
| 610 |
1 |
|
|a Юпитер
|
| 610 |
1 |
|
|a галилеевые спутники
|
| 610 |
1 |
|
|a уравнения
|
| 610 |
1 |
|
|a возмущающая функция
|
| 610 |
1 |
|
|a неравенства планетного типа
|
| 610 |
1 |
|
|a либрация
|
| 610 |
1 |
|
|a солнечные эффекты
|
| 610 |
1 |
|
|a вращение
|
| 610 |
1 |
|
|a орбиты
|
| 610 |
1 |
|
|a физические параметры
|
| 675 |
|
|
|a 523.4
|v 4
|
| 700 |
|
1 |
|a Феррас-Меллу
|b С.
|
| 801 |
|
1 |
|a RU
|b 63413507
|c 20150411
|
| 801 |
|
2 |
|a RU
|b 63413507
|c 20190110
|g RCR
|
| 942 |
|
|
|c BK
|